[Event "GER-chT U18 Girls"]
[Site "Germany"]
[Date "2012.05.05"]
[Round "4.1"]
[White "Krein, Jana"]
[Black "Schweiger, Yasmin"]
[Result "1/2-1/2"]
[WhiteElo "1362"]
[BlackElo "1038"]
[PlyCount "82"]
[EventDate "2012.05.04"]
[EventType "team-swiss"]
[EventRounds "7"]
[EventCountry "GER"]
[SourceTitle "EXT 2014"]
[Source "ChessBase"]
[SourceDate "2013.11.20"]
[SourceVersion "1"]
[SourceVersionDate "2013.11.20"]
[SourceQuality "1"]
[WhiteTeam "Trier (W)"]
[BlackTeam "Neureut Gymn (W)"]
[WhiteTeamCountry "GER"]
[BlackTeamCountry "GER"]

1. e4 c6 2. d4 d5 3. e5 Bf5 4. Bd3 Bxd3 5. Qxd3 e6 6. f4 Ne7 7. g4 Qc8 8. Be3 Na6 9. c3 Nc7 10. Nf3 Qd7 11. Nbd2 g6 12. h4 0-0-0 13. 0-0-0 Bg7 14. Nb3 Rdf8 15. Rdf1 h5 16. g5 Nf5 17. Bf2 Rd8 18. Ne1 Na6 19. Nc2 Qc7 20. Kb1 Bf8 21. Ne3 Nxe3 22. Qxe3 Qb6 23. Rc1 Qb5 24. Rhe1 Rd7 25. Qe2 Qb6 26. c4 dxc4 27. Qxc4 Kb8 28. Red1 Qc7 29. Nc5 Nxc5 30. dxc5 Be7 31. Rd4 Rhd8 32. Rcd1 a6 33. Rxd7 Rxd7 34. Rxd7 Qxd7 35. Qd4 Qxd4 36. Bxd4 Bd8 37. b4 a5 38. a3 axb4 39. axb4 Ka7 40. Kb2 b6 41. Kb3 Ka6 1/2-1/2

[Event "GER-chT U18 Girls"]
[Site "Germany"]
[Date "2012.05.05"]
[Round "6.1"]
[White "Schweiger, Yasmin"]
[Black "Von der Heyde, Emma Lotte"]
[Result "1-0"]
[WhiteElo "1038"]
[BlackElo "800"]
[PlyCount "75"]
[EventDate "2012.05.04"]
[EventType "team-swiss"]
[EventRounds "7"]
[EventCountry "GER"]
[SourceTitle "EXT 2014"]
[Source "ChessBase"]
[SourceDate "2013.11.20"]
[SourceVersion "1"]
[SourceVersionDate "2013.11.20"]
[SourceQuality "1"]
[WhiteTeam "Neureut Gymn (W)"]
[BlackTeam "Broderstorf SadC (W)"]
[WhiteTeamCountry "GER"]
[BlackTeamCountry "GER"]

1. d4 d5 2. c4 Nc6 3. Nc3 Nf6 4. Bg5 h6 5. Bh4 Bf5 6. Bxf6 exf6 7. Nxd5 h5 8. e3 Bg4 9. Nf3 Be7 10. Nxe7 Nxe7 11. Be2 0-0 12. 0-0 Nc6 13. a3 Re8 14. h3 Bf5 15. Nd2 Na5 16. Bxh5 Rf8 17. d5 Qe8 18. b4 g6 19. Bf3 b6 20. bxa5 bxa5 21. d6 cxd6 22. Bxa8 Qxa8 23. Nf3 Rd8 24. Qd4 Kg7 25. Rfd1 d5 26. cxd5 a6 27. e4 Bd7 28. e5 f5 29. e6+ Kf8 30. exd7 Rxd7 31. Qh8+ Ke7 32. Qxa8 Rd8 33. Qxa6 Rd6 34. Re1+ Kd7 35. Qxa5 f6 36. Rab1 f4 37. Rb7+ Kc8 38. Qc7# 1-0

[Event "GER-chT U18 Girls"]
[Site "Germany"]
[Date "2012.05.04"]
[Round "2.1"]
[White "Wiesner, Paula"]
[Black "Schweiger, Yasmin"]
[Result "1-0"]
[WhiteElo "1776"]
[BlackElo "1038"]
[PlyCount "100"]
[EventDate "2012.05.04"]
[EventType "team-swiss"]
[EventRounds "7"]
[EventCountry "GER"]
[SourceTitle "EXT 2014"]
[Source "ChessBase"]
[SourceDate "2013.11.20"]
[SourceVersion "1"]
[SourceVersionDate "2013.11.20"]
[SourceQuality "1"]
[WhiteTeam "Karlsruhe GG (W)"]
[BlackTeam "Neureut Gymn (W)"]
[WhiteTeamCountry "GER"]
[BlackTeamCountry "GER"]

1. d4 d5 2. c4 c6 3. Nf3 Bg4 4. Qb3 b6 5. Nc3 e6 6. Ne5 Nf6 7. Qa4 Qd6 8. a3 Be7 9. h3 Bf5 10. Bf4 0-0 11. Ng6 Qd7 12. Nxf8 Bxf8 13. e3 Qc8 14. Be2 Nbd7 15. 0-0 a5 16. cxd5 exd5 17. Rac1 Qb7 18. Qd1 Rc8 19. Bd3 Be6 20. Qe2 b5 21. a4 Ra8 22. axb5 cxb5 23. Nxb5 h6 24. Nc7 Ra7 25. Nxe6 fxe6 26. Rc7 Qb6 27. Rfc1 a4 28. R7c6 Qb4 29. Rxe6 Rb7 30. Rc2 a3 31. bxa3 Qxa3 32. Ra2 Qc1+ 33. Qf1 Qc3 34. Qd1 Rb3 35. Bc2 Rb4 36. Rea6 Rb7 37. Qa1 Qb4 38. Ra7 Rxa7 39. Rxa7 Qe7 40. Bf5 Qf7 41. Qa4 Qe8 42. Bxd7 Nxd7 43. Qxd7 Qxd7 44. Rxd7 Kh7 45. Rxd5 Be7 46. Rd7 Bf6 47. Be5 Kg8 48. Bxf6 gxf6 49. Re7 Kf8 50. Re4 Kf7 1-0